Fundamental Of Data Structures In C++ (Record no. 359630)

MARC details
000 -LEADER
fixed length control field 00446nam a22001817a 4500
005 - DATE AND TIME OF LATEST TRANSACTION
control field 20240930145344.0
008 - FIXED-LENGTH DATA ELEMENTS--GENERAL INFORMATION
fixed length control field 240914b |||||||| |||| 00| 0 eng d
020 ## - INTERNATIONAL STANDARD BOOK NUMBER
International Standard Book Number 9788173716065
041 ## - LANGUAGE CODE
Language code of text/sound track or separate title eng
082 ## - DEWEY DECIMAL CLASSIFICATION NUMBER
Classification number 005.73
Item number HOR
100 ## - MAIN ENTRY--PERSONAL NAME
Author Horowitz E.
245 ## - TITLE STATEMENT
Title Fundamental Of Data Structures In C++
260 ## - PUBLICATION, DISTRIBUTION, ETC.
Name of publisher, distributor, etc. Pearson
Date of publication, distribution, etc. 2016
300 ## - PHYSICAL DESCRIPTION
Extent 694
365 ## - TRADE PRICE
Price type code Rs
Price amount 1.00
700 ## - ADDED ENTRY--PERSONAL NAME
Personal name Horowitz E.Sahani S.Mehta D.
942 ## - ADDED ENTRY ELEMENTS (KOHA)
Koha item type Books
Holdings
Withdrawn status Lost status Source of classification or shelving scheme Damaged status Not for loan Home library Current library Date acquired Total Checkouts Full call number Barcode Date last seen Date last checked out Bill Date Koha item type
    Dewey Decimal Classification     Cummins College of Engineering for Women Pune Cummins College of Engineering for Women Pune 14/09/2024 1 005.73 HOR CCEP-DB-1112 20/08/2025 04/08/2025 14/09/2024 Books